| 000 | 01961nam a2200349 i 4500 | ||
|---|---|---|---|
| 001 | 193514 | ||
| 003 | SpMaBN | ||
| 005 | 20250712063142.0 | ||
| 007 | ta | ||
| 008 | 240103s2022 sp | |||| 000 0 spa | ||
| 017 |
_aM 22806-2022 _bOficina Depósito Legal Madrid |
||
| 035 | _aa7178080 | ||
| 040 |
_aSpMaBN _bspa _cSpMaBN _erda _dES-MaACL |
||
| 080 | _a82(048) | ||
| 100 |
_aMartínez-Conde, Ricardo, _d1949- _9234824 _eaut |
||
| 245 | 1 | 0 |
_aAl calor de la lectura IX : _breseñas literarias / _cRicardo Martínez. |
| 250 | _aPrimera edición, 2022 | ||
| 264 | 1 |
_a[Madrid] : _bEditorial Ortigia, _c[2022] |
|
| 300 |
_a131 páginas ; _c21 cm |
||
| 336 |
_aTexto _2rdacontent |
||
| 337 |
_asin mediación _2rdamedia |
||
| 338 |
_avolumen _2rdacarrier |
||
| 520 | _aLa literatura, al fin, ¿no es acaso eso: transmisión, a través del uso de las palabras, de una situación humana que, por razón de ser el resultado de una invención, de una percepción estética interiorizada, tal vez resulte, en la hondura del lector, más real que la propia realidad? * La soledad es la inextinguible donación que el hombre otorga a la literatura para que esta, con sus sobrios y felices e imaginativos recursos la analice, la explique; la ame, en sentido profundo, esto es, nos la ofrende con todo su ser. * La palabra bien elegida constituye una de las compañías más discretas, elegantes y felices de cuantas se puedan desear. | ||
| 650 | 4 |
_aLiteratura- _vReseñas bibliográficas _2embne _914494 |
|
| 655 | 0 |
_aReseñas bibliográficas _2tgfbne _9234825 |
|
| 852 |
_aES-MaACL _bR.154866 _cDEPOJ _jN-9708 _9200995 _hDonación: editorial _xEncuadernación rústica con solapas |
||
| 942 |
_n0 _cMONOGRAFIA |
||
| 999 |
_c193514 _d193514 |
||